A rare commodity (Record no. 117964)
[ view plain ]
| 000 -LEADER | |
|---|---|
| fixed length control field | 01237cam a2200229 4500 |
| 001 - CONTROL NUMBER | |
| control field | ABS68258 |
| 008 - FIXED-LENGTH DATA ELEMENTS--GENERAL INFORMATION | |
| fixed length control field | 040907n2004 000 0 eng u |
| 035 ## - SYSTEM CONTROL NUMBER | |
| System control number | (Sirsi) u127282 |
| 100 ## - MAIN ENTRY--PERSONAL NAME | |
| Personal name | Fenn, K. |
| 245 #2 - TITLE STATEMENT | |
| Title | A rare commodity |
| 260 ## - PUBLICATION, DISTRIBUTION, ETC. | |
| Date of publication, distribution, etc. | 2004 |
| 490 ## - SERIES STATEMENT | |
| Series statement | Estates Gazette |
| Volume/sequential designation | (0435) 28 August 2004, 66-67(2) |
| 520 ## - SUMMARY, ETC. | |
| Summary, etc. | Highlights problems which can occur when drafting insurance clauses in landlord and tenant agreements due to competing interests between the parties. The British Property Federation's "Good practice guide for insurance provision by landlords" sets out obligations and good practice which landlords should adhere to. View at www.bpf.org.uk. |
| 590 ## - LOCAL NOTE (RLIN) | |
| Local note | ABS |
| 590 ## - LOCAL NOTE (RLIN) | |
| Local note | ABS |
| 650 ## - SUBJECT ADDED ENTRY--TOPICAL TERM | |
| Topical term or geographic name entry element | CODE FOR LEASING BUSINESS PREMISES IN ENGLAND AND WALES |
| 650 ## - SUBJECT ADDED ENTRY--TOPICAL TERM | |
| Topical term or geographic name entry element | INSURANCE CLAUSES |
| 690 ## - LOCAL SUBJECT ADDED ENTRY--TOPICAL TERM (OCLC, RLIN) | |
| Topical term or geographic name as entry element | LANDLORD AND TENANT-RESIDENTIAL TENANCIES |
| 856 ## - ELECTRONIC LOCATION AND ACCESS | |
| Uniform Resource Identifier | <a href="https://www.bpf.org.uk/publications/documents/33">https://www.bpf.org.uk/publications/documents/33</a> |
| Public note | View "Good practice guide for insurance provision by landlords" on the British Property Federation website... |
| 856 ## - ELECTRONIC LOCATION AND ACCESS | |
| Uniform Resource Identifier | <a href="https://www.bpf.org.uk/publications/documents/33">https://www.bpf.org.uk/publications/documents/33</a> |
| Public note | View "Good practice guide for insurance provision by landlords" on the British Property Federation website... |
| 942 ## - ADDED ENTRY ELEMENTS (KOHA) | |
| Suppress in OPAC | 0 |
| Withdrawn status | Lost status | Source of classification or shelving scheme | Damaged status | Not for loan | Home library | Current library | Shelving location | Date acquired | Total Checkouts | Full call number | Barcode | Date last seen | Copy number | Price effective from | Koha item type |
|---|---|---|---|---|---|---|---|---|---|---|---|---|---|---|---|
| Dewey Decimal Classification | London | London | Journal article | 07/09/2004 | ABS68258 | 127282-1001 | 06/08/2019 | 1 | 06/08/2019 | Journal article |